Vplyv daňových zvýhodnení na podporu inovácií diplomová práca

Enregistré dans:
Détails bibliographiques
Auteur principal: Czodor, Erik
Collectivité auteur: Národohospodárska fakulta EU. Katedra hospodárskej politiky
Autres auteurs: Majzlíková, Erika, 1993-
Format: Livre
Langue:slovaque
Publié: Bratislava 2023
Tags: Ajouter un tag
Pas de tags, Soyez le premier à ajouter un tag!

MARC

LEADER 00000nbm a2200000 4500
001 0293113
005 20231206101211.4
041 0 |a slo 
044 |a SK 
245 1 0 |a Vplyv daňových zvýhodnení na podporu inovácií  |b diplomová práca  |c Erik Czodor ; školiteľ: Erika Majzlíková 
264 1 |a Bratislava  |c 2023 
300 |a 63 s. 
100 1 |a Czodor, Erik 
700 1 |a Majzlíková, Erika, 1993- 
710 2 |a Národohospodárska fakulta EU. Katedra hospodárskej politiky